6-kirjaimista maantiedettä #1 - Statistics

Yleistilastot
  • Tätä visaa on pelattu 571 kertaa
  • Keskiarvotulos 17 / 24
Vastaustilastot
Vihje Vastaus % Oikein
Kreikan pääkaupunki Ateena
99%
Suomen suurin järvi Saimaa
97%
Oopperatalostaan tunnettu kaupunki Australiassa Sydney
96%
Yhdistyneen kuningaskunnan pääkaupunki Lontoo
95%
Irlannin pääkaupunki Dublin
93%
Yksi Baltian maista Latvia
93%
Välimeren saarivaltio Kypros
89%
Yhdysvaltain pinta-alaltaan suurin osavaltio Alaska
83%
Tunnetaan myös nimellä Kiinan tasavalta Taiwan
79%
Tunnettu kanava Väli-Amerikassa Panama
77%
Maailman toiseksi pisin joki Amazon
76%
Puolueettomana toisessa maailmansodassa pysynyt Euroopan valtio Ruotsi
76%
Euroopan unionin pisin joki Tonava
72%
Kolumbian pääkaupunki Bogota
68%
Senegalin ympäröimä valtio Gambia
68%
Kanadan ranskankielinen provinssi Quebec
64%
Bosporinsalmea hallitseva valtio Turkki
61%
Maailman vanhin ja syvin järvi Baikal
60%
Kiinan vuonna 1950 miehittämä alue Tiibet
52%
Vuoden 2006 talviolympialaiset järjestänyt kaupunki Torino
50%
Kazakstanin väkirikkain kaupunki Almaty
31%
Marokon kaupunki, joka oli kansainvälinen vyöhyke vuosina 1924–1956 Tanger
27%
Yllä olevan pääkaupunki Banjul
26%
Etelä-Afrikan pisin joki Oranje
22%
Ehtoja vastaavia visoja ei löytynyt
Tulosjakauma
Jokaisen tuloksen saaneiden osuus
Persentiili vastausten määrän mukaan
Tuloshistoriasi
Et ole pelannut tätä visaa